00607nam a2200193 4500003001100000005001700011008004100028020001500069040003900084041000800123082001700131100002000148245004200168260005500210300002500265650003700290650003300327650005300360LK-CoMWRAF20231203181957.0231203b2009 |||||||| |||| 00| 0 eng d a9551772407 aLK-CoMWRAFdLK-CoMWRAFeLK-CoMWRAF aeng a303.485bLEI aLeitan, Tressie aWomen local government & the tsunami  aColombo : bSocial Scientists' Association, c2009 a17 p. : map ; 23 cm. aNatural disasters -- Sri Lanka  aDisaster relief -- Sri Lanka aWomen local officials and employees -- Sri Lanka